[Event "Tourn. n8666"]
[Site "www.chess-mail.com"]
[Date "2016.05.07"]
[Round "1"]
[White "Faerieking"]
[Black "Xkafi"]
[WhiteElo "2140"]
[BlackElo "1990"]
[Result "1-0"]
[Round "1"]
1.d4 d5
2.c4 e6
3.Ng1f3 h6
4.g3 Ng8f6
5.Bf1g2 dxc4
6.O-O g5
7.Rf1e1 Bf8b4
8.Nb1c3 Nb8c6
9.e4 g4
10.Nf3h4 h5
11.d5 Nc6e5
12.Qd1a4 Qd8d7
13.Qa4c2 Qd7d6
14.Bc1f4 Bc8d7
15.Nh4f5 exf5
16.exf5 O-O-O
17.Re1xe5 Qd6b6
18.Re5e1 h4
19.Ra1d1 hxg3
20.hxg3 Bb4c5
21.Bf4e3 Rh8h5
22.Be3xc5 Qb6xc5
23.Nc3e4 Nf6xe4
24.Bg2xe4 Rd8h8
25.b3 b5
26.d6 c6
27.bxc4 bxc4
28.Rd1b1 Rh5h3
29.Kg2 Rh3h2
30.Kg1 Rh2h3
31.Kg2 Rh3h2
32.Kg1 Rh2h6
33.Qc2b2 Qc5b5
34.Qb2g7 Qb5c5
35.Qg7xg4 Qc5xd6
36.Be4g2 c3
37.Qg4c4 Bd7xf5
38.Qc4a6 Kc7
39.Qa6b7 Kd8
40.Rb1d1 Bf5d3
41.Bg2e4 { resign }
1-0

[Event "Tourn. n8702"]
[Site "www.chess-mail.com"]
[Date "2016.05.07"]
[Round "1"]
[White "Raven16"]
[Black "Awfen"]
[WhiteElo "2180"]
[BlackElo "2060"]
[Result "1-0"]
[Round "1"]
1.e4 Nb8c6
2.d4 e5
3.d5 Nc6e7
4.c4 Ne7g6
5.Ng1f3 Ng8f6
6.Nb1c3 Bf8b4
7.Bf1d3 Bb4xc3
8.bxc3 d6
9.O-O O-O
10.h3 c6
11.Bc1g5 h6
12.Bg5e3 cxd5
13.cxd5 Nf6h5
14.Rf1e1 Nh5f4
15.Be3xf4 Ng6xf4
16.Bd3f1 Qd8f6
17.Kh2 Qf6g6
18.g3 Nf4h5
19.Nf3h4 Qg6g5
20.Qd1c1 Qg5f6
21.Qc1e3 Bc8d7
22.Qe3f3 Qf6g5
23.Re1e3 Nh5f4
24.Nh4f5 Bd7xf5
25.exf5 Qg5xf5
26.gxf4 exf4
27.Qf3e4 Qf5g5
28.Re3f3 Ra8e8
29.Qe4xf4 Qg5xd5
30.Bf1c4 Qd5c6
31.Bc4xf7 Rf8xf7
32.Qf4xf7 Kh7
33.Rf3g3 Re8g8
34.Ra1b1 d5
35.Rb1xb7 Qc6e8
36.Qf7xg7 Rg8xg7
37.Rg3xg7 Kh8
38.Rg7h7 Kg8
39.Rb7g7 Kf8
40.Rh7h8 Kxg7
41.Rh8xe8 { resign }
1-0

[Event "Tourn. n8677"]
[Site "www.chess-mail.com"]
[Date "2016.05.07"]
[Round "1"]
[White "Orhany24"]
[Black "Julian"]
[WhiteElo "2110"]
[BlackElo "2110"]
[Result "1-0"]
[Round "1"]
1.e4 c5
2.Ng1f3 d6
3.d4 cxd4
4.Nf3xd4 Ng8f6
5.Bf1d3 a6
6.c4 Nb8c6
7.Nd4xc6 bxc6
8.Nb1c3 e5
9.h3 Bc8e6
10.O-O Bf8e7
11.Bc1e3 O-O
12.Qd1e2 d5
13.cxd5 cxd5
14.exd5 Nf6xd5
15.Nc3xd5 Be6xd5
16.Qe2h5 g6
17.Qh5e2 a5
18.b3 f5
19.f4 exf4
20.Be3xf4 Be7c5
21.Kh2 Rf8e8
22.Qe2c2 Bc5d4
23.Ra1d1 Ra8c8
24.Qc2b1 Bd4e5
25.Bf4xe5 Re8xe5
26.Bd3c4 Qd8c7
27.Rd1xd5 Re5xd5
28.Kh1 Rc8d8
29.Rf1d1 Kg7
30.Rd1xd5 Rd8e8
31.Qb1d1 Re8e7
32.Qd1d4 Kh6
33.Qd4h4 Kg7
34.Qh4f2 a4
35.g3 Re7e4
36.Qf2d2 Qc7xg3
37.Rd5d7 Kf6
38.Rd7f7 Ke5
39.Rf7e7 Kf6
40.Re7xe4 fxe4
41.Qd2g2 Qg3xg2
42.Kxg2 axb3
43.Bc4xb3 h5
44.Kf2 g5
45.Ke3 { resign }
1-0

[Event "Tourn. n8701"]
[Site "www.chess-mail.com"]
[Date "2016.05.07"]
[Round "1"]
[White "Milkyway"]
[Black "Tonino1"]
[WhiteElo "2269"]
[BlackElo "2210"]
[Result "1-0"]
[Round "1"]
1.e4 c5
2.Ng1f3 d6
3.Bf1b5 Bc8d7
4.c4 Nb8c6
5.Bb5xc6 Bd7xc6
6.Nb1c3 e6
7.d4 cxd4
8.Nf3xd4 Ng8f6
9.Qd1e2 Bf8e7
10.O-O O-O
11.Rf1d1 Qd8b8
12.b3 a6
13.Bc1b2 Qb8a7
14.Nd4xc6 bxc6
15.h3 Ra8b8
{ time. }
1-0

[Event "Tourn. n8687"]
[Site "www.chess-mail.com"]
[Date "2016.05.07"]
[Round "1"]
[White "Osopanda"]
[Black "Guidom"]
[WhiteElo "1990"]
[BlackElo "2020"]
[Result "1-0"]
[Round "1"]
1.c4 e5
2.Nb1c3 c5
3.e3 Nb8c6
4.Ng1f3 d6
5.d4 Bc8g4
6.Bf1e2 exd4
7.exd4 Ng8f6
8.O-O Bf8e7
9.Rf1e1 O-O
10.d5 Bg4xf3
11.Be2xf3 Nc6e5
12.Bf3e2 Rf8e8
13.f4 Ne5g6
14.Be2f3 Be7f8
15.Bc1e3 a6
16.Qd1d2 Qd8c7
17.Be3f2 Qc7d7
18.h3 h6
19.g4 b5
20.cxb5 axb5
21.a3 Re8xe1
22.Ra1xe1 Ra8e8
23.Re1xe8 Qd7xe8
24.Qd2d3 Qe8b8
25.g5 hxg5
26.fxg5 Nf6d7
27.Bf3g4 Nd7e5
28.Qd3g3 b4
29.axb4 Qb8xb4
30.Bg4h5 Qb4xb2
31.Nc3e4 Qb2b1
32.Kh2 Qb1xe4
33.Bh5xg6 Ne5f3
34.Kg2 Nf3d2
35.Bg6xe4 Nd2xe4
36.Qg3f4 Ne4xf2
37.Kxf2 Bf8e7
38.h4 g6
39.Kf3 Kf8
40.Kg4 Ke8
41.h5 gxh5
42.Kxh5 Be7f8
43.g6 fxg6
44.Kxg6 Bf8e7
45.Qf4f7 Kd8
46.Qf7e6 Ke8
47.Qe6c8 Be7d8
48.Kf5 Ke7
49.Qc8b7 Kf8
50.Ke6 Kg8
51.Kxd6 c4
52.Ke6 c3
53.Qb7f7 Kh8
54.Qf7f8 { resign }
1-0

[Event "Tourn. n8686"]
[Site "www.chess-mail.com"]
[Date "2016.05.07"]
[Round "1"]
[White "Tonino1"]
[Black "Julian"]
[WhiteElo "2280"]
[BlackElo "2090"]
[Result "1-0"]
[Round "1"]
1.d4 d5
2.Ng1f3 e6
3.e3 Ng8f6
4.Bf1d3 c5
5.b3 Nb8c6
6.a3 cxd4
7.exd4 Bf8d6
8.Bc1b2 O-O
9.Nb1d2 Rf8e8
10.Nf3e5 Qd8c7
11.f4 Nf6e4
12.Nd2xe4 dxe4
13.Bd3xe4 f6
14.Be4xh7 Kxh7
15.Qd1h5 Kg8
16.Qh5xe8 Kh7
17.Ne5xc6 bxc6
18.Qe8h5 Kg8
19.g3 Bc8d7
20.O-O-O Bd7e8
21.Qh5f3 Ra8c8
22.Qf3e4 Be8f7
23.f5 Rc8e8
24.Qe4g4 Qc7e7
25.Rd1e1 e5
26.dxe5 Bd6xe5
27.Bb2xe5 fxe5
28.Kb2 e4
29.Qg4f4 e3
30.Rh1f1 Qe7f6
31.c3 e2
32.Rf1f2 c5
33.Rf2xe2 Re8xe2
34.Re1xe2 Qf6b6
35.c4 Qb6f6
36.Qf4e5 { resign }
1-0

[Event "Match"]
[Site "www.echecsemail.com"]
[Date "2016.05.07"]
[Round "1"]
[White "Snickers"]
[Black "Toblakay"]
[WhiteElo "1809"]
[BlackElo "1499"]
[Result "0-1"]
[Round "1"]
1.d4 d5
2.c4 c6
3.cxd5 cxd5
4.Nb1c3 Ng8f6
5.Ng1f3 Nb8c6
6.g3 Bc8g4
7.Bf1g2 e6
8.O-O Bf8e7
9.h3 Bg4h5
10.Bc1g5 O-O
11.e3 h6
12.Bg5xf6 Be7xf6
13.Nc3a4 Ra8c8
14.Na4c5 b6
15.Nc5b3 a5
16.Ra1c1 Qd8d7
17.a3 a4
18.Nb3d2 b5
19.g4 Bh5g6
20.Nd2b1 Nc6a5
21.Nb1d2 Na5c4
22.Nd2xc4 bxc4
23.Rf1e1 Rc8b8
24.Qd1d2 Qd7b5
{ resign }
0-1

[Event "Match"]
[Site "www.echecsemail.com"]
[Date "2016.05.07"]
[Round "1"]
[White "Coventry"]
[Black "Crush"]
[WhiteElo "1790"]
[BlackElo "1660"]
[Result "1-0"]
[Round "1"]
1.d4 d5
2.Bc1f4 Ng8f6
3.e3 Bc8f5
4.Bf1d3 Bf5xd3
5.Qd1xd3 e6
6.c3 Nb8c6
7.Ng1f3 Bf8d6
8.Bf4xd6 Qd8xd6
9.Nb1d2 O-O
10.O-O Nf6e4
11.Nd2xe4 dxe4
12.Qd3xe4 f5
13.Qe4c2 e5
14.dxe5 Nc6xe5
15.Nf3xe5 Qd6xe5
16.Ra1d1 c5
17.Rd1d2 b5
18.Rf1d1 Rf8f6
19.Rd2d5 Qe5c7
20.Rd5d7 Qc7c6
21.Rd7d8 Ra8xd8
22.Rd1xd8  { time }
1-0

[Event "Match"]
[Site "www.echecsemail.com"]
[Date "2016.05.07"]
[Round "1"]
[White "Libiesse"]
[Black "B0zata"]
[WhiteElo "1970"]
[BlackElo "1799"]
[Result "0-1"]
[Round "1"]
1.d4 d5
2.c4 Ng8f6
3.Ng1f3 e6
4.Bc1g5 Bf8b4
5.Nb1d2 h6
6.Bg5h4 dxc4
7.a3 Bb4a5
8.Qd1a4 Nb8c6
9.e3 c3
10.bxc3 Ba5xc3
11.Ra1c1 Bc3xd2
12.Nf3xd2 O-O
13.Bh4xf6 Qd8xf6
14.Rc1xc6 bxc6
15.Qa4xc6 Ra8b8
16.Qc6xc7 Bc8b7
17.Rh1g1 Rf8c8
18.Qc7a5 a6
19.g3 Bb7f3
20.Nd2xf3 Qf6xf3
{ resign }
0-1

[Event "Match"]
[Site "www.echecsemail.com"]
[Date "2016.05.07"]
[Round "1"]
[White "Afrikanu007"]
[Black "Elogic"]
[WhiteElo "1729"]
[BlackElo "1770"]
[Result "0-1"]
[Round "1"]
1.e4 b6
2.b3 e5
3.Bc1b2 d6
4.Bf1c4 Bc8b7
5.Qd1f3 Ng8f6
6.Bc4d5 Bb7xd5
7.exd5 g6
8.Nb1c3 Nb8d7
9.O-O-O Bf8g7
10.Ng1h3 Qd8e7
11.Nc3b5 Nd7c5
12.Kb1 a6
13.Nb5c3 e4
14.Qf3e2 O-O
15.d3 b5
16.a3 Rf8e8
17.Rd1e1 Qe7d7
18.d4 Nc5b7
19.Nh3g5 Qd7g4
20.Qe2xg4 Nf6xg4
21.Nc3xe4 h6
22.h3 Ng4xf2
23.Ne4xf2 Re8xe1
24.Rh1xe1 hxg5
25.g3 f5
26.c3 Nb7a5
27.Kc2 c6
28.Re1e6 Ra8d8
29.Re6xg6 cxd5
30.Rg6xg5 Rd8f8
31.Nf2d3 Kh7
32.Rg5h5 Bg7h6
33.Nd3f4 Rf8g8
 { time }
0-1

[Event "Match"]
[Site "www.echecsemail.com"]
[Date "2016.05.07"]
[Round "1"]
[White "Heiserman"]
[Black "Elogic"]
[WhiteElo "2300"]
[BlackElo "1900"]
[Result "1-0"]
[Round "1"]
1.c4 g6
2.Nb1c3 c6
3.e4 e6
4.Ng1f3 Bf8g7
5.d4 d6
6.Bc1g5 f6
7.Bg5e3 Ng8e7
8.Bf1e2 Nb8d7
9.O-O b6
10.d5  { time }
1-0

[Event "Match"]
[Site "www.echecsemail.com"]
[Date "2016.05.07"]
[Round "1"]
[White "Jasmartin"]
[Black "Picifarkinca"]
[WhiteElo "1770"]
[BlackElo "1720"]
[Result "1-0"]
[Round "1"]
1.d4 c6
2.c4 d5
3.Nb1c3 Ng8f6
4.g3 e6
5.Bf1g2 Nb8d7
6.Ng1f3 Bf8e7
7.O-O O-O
8.c5 b6
9.b4 Bc8a6
10.Rf1e1 bxc5
11.bxc5 Ra8b8
12.Qd1c2 Qd8a5
13.Bc1d2 Qa5c7
14.Bd2f4 e5
15.Nf3xe5 Nf6h5
16.Ne5xd7 Nh5xf4
17.Nd7xf8 Nf4xg2
18.Qc2xh7 Kxf8
19.Qh7h8 
1-0

[Event "Match"]
[Site "www.echecsemail.com"]
[Date "2016.05.07"]
[Round "1"]
[White "Woody"]
[Black "Alvarin111"]
[WhiteElo "1499"]
[BlackElo "1960"]
[Result "0-1"]
[Round "1"]
1.e4 Nb8c6
2.Ng1f3 e6
3.d4 d5
4.e5 Ng8e7
5.Nb1c3 Bc8d7
6.Nc3e2 h6
7.Ne2g3 a6
8.c3 Ne7f5
9.Bf1d3 Nf5xg3
10.fxg3 Nc6e7
11.O-O c6
12.Nf3h4 Qd8c7
13.Qd1b3 O-O-O
14.Rf1xf7 Bd7e8
15.Rf7f2 g5
16.Nh4f3 Be8g6
17.Bd3xg6 Ne7xg6
18.Bc1e3 Kb8
19.Ra1c1 c5
20.c4 Rh8h7
21.cxd5 Rd8xd5
22.Rf2c2 Qc7a5
23.Rc2c4 Rh7c7
24.Qb3c2 Ng6e7
25.b4 Qa5a3
26.Be3f2 Ne7c6
27.bxc5 Nc6b4
 { time }
0-1

[Event "Match"]
[Site "www.echecsemail.com"]
[Date "2016.05.07"]
[Round "1"]
[White "Watford"]
[Black "Orae"]
[WhiteElo "1570"]
[BlackElo "1720"]
[Result "0-1"]
[Round "1"]
1.c4 e5
2.Nb1c3 Bf8c5
3.Nc3e4 Bc5b6
4.c5 Bb6a5
5.Ng1f3 Nb8c6
6.g3 f5
7.Ne4c3 e4
8.Nf3g1 Qd8e7
9.Bf1g2 Qe7xc5
10.e3 d6
11.Ng1e2 Bc8e6
12.O-O Ba5xc3
13.dxc3 O-O-O
14.Ne2d4 Nc6xd4
15.cxd4 Qc5b5
16.Qd1c2 Ng8f6
17.Bc1d2 { time. }
0-1

[Event "Match"]
[Site "www.echecsemail.com"]
[Date "2016.05.07"]
[Round "1"]
[White "Pariolinius"]
[Black "Osvalazo"]
[WhiteElo "1750"]
[BlackElo "1700"]
[Result "1-0"]
[Round "1"]
1.d4 e6
2.e4 d5
3.Nb1c3 Bf8b4
4.e5 a6
5.a3 Bb4xc3
6.bxc3 b5
7.Ng1f3 h6
8.Bf1d3 Nb8c6
9.O-O g5
10.h3 f6
11.Bd3g6 Kf8
12.exf6 Qd8xf6
13.Bg6h5 Nc6e7
14.Nf3e5 Rh8h7
15.Rf1e1 Ne7f5
16.Ne5g6 Kg7
17.Ng6e5  { time }
1-0

[Event "1/32 Finale"]
[Site "www.chess-mail.com"]
[Date "2016.05.07"]
[Round "1"]
[White "Pgcbies"]
[Black "Attatroll"]
[WhiteElo "2690"]
[BlackElo "1990"]
[Result "0-1"]
[Round "1"]
1.e4 d6
2.d4 Ng8f6
3.Nb1c3 g6
4.Ng1f3 Bf8g7
5.Bf1e2 O-O
6.O-O Nb8c6
7.d5 Nc6b8
8.Rf1e1 a6
9.a4 Nb8d7
10.Bc1e3 Nf6g4
11.Be3d4 Nd7f6
12.h3 Ng4h6
13.Qd1d2 e5
14.Bd4e3 Bc8d7
15.Be3xh6 Qd8e7
16.Bh6g5 Qe7e8
17.a5 Nf6h5
18.Nf3h4 Nh5f6
19.Ra1a3 Qe8c8
20.Ra3b3 Rf8e8
21.Re1a1 Kh8
22.Qd2c1 c5
23.Nh4f3 h6
24.Bg5xf6 Bg7xf6
25.Qc1xh6 Kg8
26.Rb3b6 Bf6g7
27.Qh6h4 f6
28.Rb6xd6 Qc8c7
29.Rd6xf6 Bg7xf6
 { time }
0-1

[Event "Eq:Slap Shot Mates-chibcha : "]
[Site "www.chess-mail.com"]
[Date "2016.05.07"]
[Round "1"]
[White "Paes19"]
[Black "Asoka"]
[WhiteElo "2100"]
[BlackElo "2760"]
[Result "0-1"]
[Round "1"]
1.e4 e5
2.Ng1f3 Nb8c6
3.Nb1c3 Ng8f6
4.d4 exd4
5.Nf3xd4 Bf8b4
6.Qd1d3 O-O
7.Bc1g5 Rf8e8
8.Nd4xc6 bxc6
9.Bf1e2 h6
10.Bg5xf6 Qd8xf6
11.O-O a5
12.a3 Bc8a6
13.Qd3e3 Bb4xc3
14.bxc3 Ba6xe2
15.Qe3xe2 d5
16.Qe2f3 Re8xe4
17.Qf3xf6 gxf6
18.Ra1a2 Ra8e8
19.f3 Re4e2
20.h3 Re2d2
21.Kh2 Re8e2
22.Rf1g1 Re2e3
23.Kg3 Re3xc3
24.Rg1e1 d4
25.Re1e7 d3
26.Re7e3 Kg7
27.Kf4 Rc3c4
 { time }
0-1

[Event "Tourn. n8711"]
[Site "www.chess-mail.com"]
[Date "2016.05.08"]
[Round "1"]
[White "Piekki"]
[Black "Snickers"]
[WhiteElo "2120"]
[BlackElo "2019"]
[Result "1-0"]
[Round "1"]
1.e4 e5
2.Ng1f3 Nb8c6
3.Bf1b5 Nc6d4
4.Nf3xd4 exd4
5.O-O c6
6.Bb5c4 d6
7.Rf1e1 Bf8e7
8.Qd1h5 g6
9.Qh5f3 Ng8f6
10.d3 O-O
11.Bc1h6 Rf8e8
12.c3 d5
13.exd5 cxd5
14.Bc4b5 Bc8d7
15.Nb1a3 Be7xa3
16.Bb5xd7 Re8xe1
17.Ra1xe1 Ba3xb2
18.Bh6g5 Kg7
19.Re1e8 { resign }
1-0

[Event "Tourn. n8671"]
[Site "www.chess-mail.com"]
[Date "2016.05.08"]
[Round "1"]
[White "Difficult"]
[Black "Roserl"]
[WhiteElo "1890"]
[BlackElo "1920"]
[Result "1/2-1/2"]
[Round "1"]
1.d4 Ng8f6
2.Bc1g5 Nf6e4
3.Bg5f4 d5
4.e3 e6
5.c3 Bf8d6
6.Bf1d3 Ne4f6
7.Ng1e2 O-O
8.O-O b6
9.Nb1d2 Bc8b7
10.Bf4xd6 Qd8xd6
11.Ne2g3 Nb8d7
12.Qd1e2 c5
13.Bd3a6 Bb7xa6
14.Qe2xa6 Qd6c7
15.Ra1c1 g6
16.Qa6e2 Kg7
17.Nd2f3 Ra8c8
18.Rf1d1 Qc7b7
19.a3 cxd4
20.cxd4 Nd7b8
21.Nf3e5 Nb8d7
22.Ne5xd7 Nf6xd7
23.Qe2d2 Nd7b8
24.Rc1xc8 { draw }
1/2-1/2

[Event "Tourn. n8731"]
[Site "www.chess-mail.com"]
[Date "2016.05.08"]
[Round "1"]
[White "Passaroa25"]
[Black "Genius1"]
[WhiteElo "1610"]
[BlackElo "1520"]
[Result "1/2-1/2"]
[Round "1"]
1.e4 e5
2.Ng1e2 Nb8c6
3.c3 Ng8f6
4.Ne2g3 d5
5.d3 dxe4
6.Ng3xe4 Nf6xe4
7.dxe4 Qd8xd1
8.Kxd1 Bf8c5
9.Bc1e3 Bc5xe3
10.fxe3 Bc8g4
11.Bf1e2 O-O-O
12.Nb1d2 Bg4xe2
13.Kxe2 Rh8e8
{ draw }
1/2-1/2

[Event "Tourn. n8665"]
[Site "www.chess-mail.com"]
[Date "2016.05.08"]
[Round "1"]
[White "Roserl"]
[Black "Piekki"]
[WhiteElo "1920"]
[BlackElo "2020"]
[Result "0-1"]
[Round "1"]
1.e4 c5
2.Ng1f3 d6
3.d4 cxd4
4.Nf3xd4 Ng8f6
5.Nb1c3 Nb8c6
6.Bc1g5 e6
7.Qd1d2 a6
8.O-O-O Bf8e7
9.f4 b5
10.a3 Bc8d7
11.Nd4f3 Qd8c7
12.Bg5xf6 gxf6
13.Qd2e3 b4
14.Nc3b1 bxa3
15.Nb1xa3 O-O
16.h4 Rf8c8
17.Qe3d2 Nc6a5
18.Kb1 d5
19.exd5 exd5
20.Bf1d3 Be7xa3
21.bxa3 Ra8b8
22.Ka2 Na5c4
23.Qd2c3 Qc7xf4
24.Rd1b1 Bd7b5
25.Qc3e1 Nc4xa3
26.Rb1b4 Na3xc2
27.Bd3xc2 Rc8xc2
28.Ka1 Bb5c4
29.Rb4xb8 Qf4xb8
{ resign }
0-1

[Event "Tourn. n8718"]
[Site "www.chess-mail.com"]
[Date "2016.05.08"]
[Round "1"]
[White "Orhany24"]
[Black "Raven16"]
[WhiteElo "2130"]
[BlackElo "2160"]
[Result "0-1"]
[Round "1"]
1.e4 c5
2.Ng1f3 d6
3.d4 cxd4
4.Nf3xd4 Ng8f6
5.Bf1d3 a6
6.c4 Nb8c6
7.Nd4xc6 bxc6
8.O-O g6
9.Nb1c3 Bf8g7
10.h3 O-O
11.Bc1e3 c5
12.f4 Bc8b7
13.Qd1c2 Ra8c8
14.Ra1d1 Qd8a5
15.g4 h6
16.Kh2 e6
17.Rf1g1 Nf6d7
18.Rd1f1 Bg7d4
19.Be3xd4 cxd4
20.Nc3e2 e5
21.f5 g5
22.Ne2g3 f6
23.b3 Qa5a3
24.Ng3e2 Nd7c5
25.Ne2c1 a5
26.Kg3 a4
27.Rf1f3 Bb7c6
28.Rg1g2 Rc8b8
29.h4 axb3
30.axb3 Nc5xb3
31.Bd3e2 Qa3xc1
{ resign }
0-1

[Event "Tourn. n8756"]
[Site "www.chess-mail.com"]
[Date "2016.05.08"]
[Round "1"]
[White "Fred"]
[Black "Bojan"]
[WhiteElo "1930"]
[BlackElo "1850"]
[Result "1-0"]
[Round "1"]
1.e4 e5
2.f4 exf4
3.Ng1f3 d5
4.e5 g6
5.d4 Bf8h6
6.Bf1d3 Qd8e7
7.Nb1c3 c6
8.h3 g5
9.a3 f6
10.Bc1d2 Nb8d7
11.Qd1e2 fxe5
12.dxe5 Nd7c5
13.O-O-O Qe7e6
14.Rh1e1 Ng8e7
15.Nf3d4 Nc5xd3
16.Qe2xd3 Qe6f7
17.e6 Qf7f6
18.Nc3a4 Bh6g7
19.Bd2c3 Qf6h6
20.Na4c5 Rh8f8
21.Kb1 b6
22.Nc5a6 c5
23.Na6c7 Kd8
24.Nd4b5 Bg7xc3
25.bxc3 a6
26.Nc7xd5 Ne7xd5
27.Qd3xd5 Ke7
28.Qd5d6 { resign }
1-0

[Event "Tourn. n8701"]
[Site "www.chess-mail.com"]
[Date "2016.05.08"]
[Round "1"]
[White "Tartan"]
[Black "Mrfunk"]
[WhiteElo "2430"]
[BlackElo "2410"]
[Result "0-1"]
[Round "1"]
1.d4 Ng8f6
2.c4 g6
3.Nb1c3 Bf8g7
4.e4 d6
5.Ng1f3 O-O
6.Bf1e2 e5
7.Bc1e3 Nf6g4
8.Be3g5 f6
9.Bg5c1 Nb8c6
10.h3 exd4
11.Nf3xd4 Nc6xd4
12.Qd1xd4 Ng4e5
13.Qd4d5 Ne5f7
14.Bc1e3 f5
15.Qd5d2 Bg7xc3
16.Qd2xc3 fxe4
17.O-O Qd8e7
18.c5 d5
19.Ra1d1 c6
20.Be3d4 Nf7g5
21.Bd4e3 Bc8d7
22.Qc3b3 Ng5f3
{ resign }
0-1

[Event "Tourn. n8692"]
[Site "www.chess-mail.com"]
[Date "2016.05.08"]
[Round "1"]
[White "0o0o0"]
[Black "Milkyway"]
[WhiteElo "1940"]
[BlackElo "1809"]
[Result "1-0"]
[Round "1"]
1.Ng1f3 d5
2.g3 c5
3.Bf1g2 Ng8f6
4.d3 Nb8c6
5.O-O Bc8g4
6.Nb1d2 Bg4xf3
7.Nd2xf3 e6
8.c3 Bf8d6
9.Qd1e1 e5
10.e4 d4
11.Nf3h4 O-O
12.f4 exf4
13.gxf4 Bd6e7
14.Nh4f5 dxc3
15.Qe1g3 g6
16.Nf5xe7 Qd8xe7
17.bxc3 Rf8d8
18.f5 Qe7d6
19.Qg3h4 Nf6d7
20.Bc1g5 f6
21.fxg6 hxg6
22.Bg5xf6 Nd7xf6
23.Rf1xf6 Qd6e7
24.Rf6xg6 Kf8
25.Qh4h8 Kf7
26.Rg6g7 { resign }
1-0

[Event "Tourn. n8757"]
[Site "www.chess-mail.com"]
[Date "2016.05.08"]
[Round "1"]
[White "Ejner"]
[Black "Tartan"]
[WhiteElo "2390"]
[BlackElo "2340"]
[Result "1/2-1/2"]
[Round "1"]
1.Ng1f3 Ng8f6
2.c4 e6
3.d4 Bf8b4
4.Nb1d2 O-O
5.e3 d5
6.a3 Bb4e7
7.b4 a5
8.b5 c5
9.dxc5 { draw }
1/2-1/2

[Event "Tourn. n8716"]
[Site "www.chess-mail.com"]
[Date "2016.05.08"]
[Round "1"]
[White "Jackbauer"]
[Black "Mitja"]
[WhiteElo "1940"]
[BlackElo "1890"]
[Result "0-1"]
[Round "1"]
1.e4 d5
2.e5 e6
3.f4 Ng8e7
4.d4 Ne7f5
5.Ng1f3 a6
6.Bf1d3 Nb8c6
7.O-O g6
8.Bd3xf5 gxf5
9.a3 f6
10.Nf3d2 fxe5
11.Nd2b3 e4
12.Qd1h5 Kd7
13.Nb3c5 Kd6
14.Bc1e3 b6
15.Nc5b3 Bc8b7
16.Nb1c3 Qd8e7
17.Nb3c5 bxc5
18.dxc5 Kd7
19.b4 Bf8g7
20.Be3d2 Bg7f6
21.Ra1d1 Qe7g7
22.Nc3e2 Ra8g8
23.g3 Ke7
24.c3 Nc6a7
25.a4 c6
26.Rd1c1 Bb7c8
27.Bd2e3 Bc8d7
28.Rf1d1 Bd7e8
29.Qh5h3 h5
30.Ne2d4 Be8d7
31.Rc1c2 h4
32.Qh3f1 hxg3
33.h3 Bd7c8
34.Qf1g2 Qg7h6
35.Rd1d2 Bc8d7
36.c4 e5
37.Nd4xf5 Bd7xf5
38.cxd5 exf4
39.d6 Kd7
40.Be3d4 Bf6xd4
41.Rd2xd4 f3
42.Qg2f1 Qh6e3
{ resign }
0-1

[Event "Tourn. n8701"]
[Site "www.chess-mail.com"]
[Date "2016.05.08"]
[Round "1"]
[White "Mrfunk"]
[Black "Tonino1"]
[WhiteElo "2410"]
[BlackElo "2210"]
[Result "1-0"]
[Round "1"]
1.e4 c5
2.Ng1f3 d6
3.d4 cxd4
4.Nf3xd4 Ng8f6
5.Nb1c3 g6
6.Bc1e3 Bf8g7
7.f3 O-O
8.Qd1d2 Rf8e8
9.O-O-O Nb8c6
10.h4 h5
11.Nd4e2 Nc6e5
12.Ne2f4 Bc8d7
13.Kb1 Ra8c8
14.Be3xa7 Ne5c4
15.Bf1xc4 Rc8xc4
16.Ba7e3 Qd8a5
17.Nc3d5 Qa5xd2
18.Rd1xd2 Bd7c6
19.Nd5xf6 Bg7xf6
20.b3 Rc4c3
21.Be3f2 Re8c8
22.Nf4e2 Bc6b5
23.Ne2xc3 Bf6xc3
24.Rd2d1 Bb5e2
25.Rd1d5 Rc8c6
26.e5 Bc3xe5
27.c4 e6
28.Rd5d2 Be2xc4
29.bxc4 Rc6xc4
30.Rd2d3  { time }
1-0

[Event "Tourn. n8689"]
[Site "www.chess-mail.com"]
[Date "2016.05.08"]
[Round "1"]
[White "Comrade"]
[Black "Piekki"]
[WhiteElo "2170"]
[BlackElo "2050"]
[Result "0-1"]
[Round "1"]
1.c4 e5
2.Nb1c3 d6
3.d4 exd4
4.Qd1xd4 Nb8c6
5.Qd4d1 Ng8f6
6.Ng1f3 Bc8e6
7.e3 g6
8.Bf1e2 Bf8g7
9.O-O O-O
10.Qd1c2 Rf8e8
11.b3 Be6f5
12.Be2d3 Nf6e4
13.Bc1b2 Nc6b4
14.Qc2b1 Ne4xc3
15.Bb2xc3 Bg7xc3
16.Bd3xf5 Bc3xa1
17.Bf5xg6 hxg6
18.Qb1xa1 Nb4c6
19.Rf1d1 Qd8e7
20.Rd1d5 Ra8d8
21.Rd5g5 Nc6e5
22.Rg5g3 Ne5xf3
23.Rg3xf3 Qe7e5
24.Qa1b1 d5
25.Rf3h3 dxc4
26.f4 Qe5c3
27.e4 Rd8d3
28.bxc4 Rd3xh3
29.gxh3 Qc3e3
{ resign }
0-1

[Event "Tourn. n8542"]
[Site "www.chess-mail.com"]
[Date "2016.05.08"]
[Round "1"]
[White "Nimzo"]
[Black "Obisporey"]
[WhiteElo "2830"]
[BlackElo "2600"]
[Result "1-0"]
[Round "1"]
1.d4 Ng8f6
2.c4 e6
3.Ng1f3 c5
4.d5 exd5
5.cxd5 g6
6.Nb1c3 Bf8g7
7.e4 d6
8.h3 O-O
9.Bf1d3 Rf8e8
10.O-O Nb8d7
11.Rf1e1 a6
12.a4 b6
13.Bc1f4 Qd8c7
14.Qd1d2 c4
15.Bd3f1 Bc8b7
16.Qd2c2 Ra8c8
17.Bf4e3 Nd7e5
18.Nf3xe5 dxe5
19.Nc3b1 b5
20.axb5 axb5
21.Nb1c3 Qc7d7
22.Ra1a5 b4
23.Nc3a4 b3
24.Qc2b1 Qd7d8
25.Ra5a7 Rc8c7
26.Na4b6 Qd8b8
27.Ra7a4 c3
28.bxc3 Rc7xc3
29.Be3d2 Rc3c2
30.Re1d1 Rc2a2
31.Ra4b4 Qb8a7
32.Bd2e3 b2
33.Nb6c4 Qa7a8
34.Nc4xb2 Re8b8
35.Nb2c4 Nf6d7
36.Nc4d6 Bg7f8
37.Rb4xb7 { resign }
1-0

[Event "Match"]
[Site "www.echecsemail.com"]
[Date "2016.05.08"]
[Round "1"]
[White "Chessnadja"]
[Black "Witpar"]
[WhiteElo "2469"]
[BlackElo "2700"]
[Result "1/2-1/2"]
[Round "1"]
1.b3 e5
2.e3 d5
3.d4 exd4
4.exd4 Ng8f6
5.Bf1d3 Bf8d6
6.Ng1e2 O-O
7.O-O c5
8.dxc5 Bd6xc5
9.Nb1c3 Bc8e6
10.Bc1b2 Nb8c6
11.Nc3a4 Bc5d6
12.Ne2d4 Ra8c8
13.Nd4xe6 fxe6
14.Qd1e2 Rf8e8
15.c4 d4
16.c5 Bd6b8
17.Ra1d1 Kh8
18.a3 e5
19.f3 Qd8c7
20.g3 Qc7d7
21.Bb2c1 Re8f8
22.Bc1d2 Nc6e7
23.Bd3b5 Qd7c7
24.Rd1c1 Ne7f5
25.b4 Nf6d5
26.Bb5d3 Nd5e3
27.Rf1f2 { draw }
1/2-1/2

[Event "Match"]
[Site "www.echecsemail.com"]
[Date "2016.05.08"]
[Round "1"]
[White "Guidom"]
[Black "Elogic"]
[WhiteElo "2040"]
[BlackElo "1860"]
[Result "1-0"]
[Round "1"]
1.e4 e6
2.d4 d5
3.exd5 exd5
4.Ng1f3 Nb8c6
5.c3 Bf8d6
6.Bf1e2 Ng8f6
7.O-O h6
8.Nb1d2 Bc8f5
9.Nd2b3  { time }
1-0

[Event "Match"]
[Site "www.echecsemail.com"]
[Date "2016.05.08"]
[Round "1"]
[White "Birya"]
[Black "Pinehill"]
[WhiteElo "1809"]
[BlackElo "2100"]
[Result "1-0"]
[Round "1"]
1.d4 Ng8f6
2.c4 e6
3.Ng1f3 a5
4.g3 Bf8e7
5.Bf1g2 d5
6.O-O b6
7.Nf3e5 Bc8b7
8.Nb1c3 dxc4
9.Bg2xb7 Ra8a7
10.Bb7g2 O-O
11.a4 Nb8d7
12.Ne5c6 Qd8a8
13.Nc6xe7 { resign }
1-0

[Event "Match"]
[Site "www.echecsemail.com"]
[Date "2016.05.08"]
[Round "1"]
[White "Osvalazo"]
[Black "Daquata"]
[WhiteElo "1700"]
[BlackElo "1660"]
[Result "0-1"]
[Round "1"]
1.e4 e5
2.Bf1c4 Nb8c6
3.Ng1f3 Bf8c5
4.d4 exd4
5.Bc4xf7 Kxf7
6.Nf3g5 Ke8
7.Qd1f3 Nc6e5
8.Qf3f4 d6
9.Nb1d2 Ng8f6
10.O-O Rh8f8
11.Nd2f3 h6
12.Ng5h3 Nf6h5
13.Qf4d2 Ne5xf3
14.gxf3 Bc8xh3
15.Rf1e1 Rf8xf3
16.Qd2e2 Qd8f6
17.Kh1 d3
18.cxd3 Rf3xf2
19.Qe2xh5 Kf8
20.Qh5xh3 Kg8
 { time }
0-1

[Event "Match"]
[Site "www.echecsemail.com"]
[Date "2016.05.08"]
[Round "1"]
[White "Liencam2"]
[Black "Micheles"]
[WhiteElo "2320"]
[BlackElo "2510"]
[Result "0-1"]
[Round "1"]
1.e4 c6
2.d4 d5
3.Nb1c3 dxe4
4.f3 exf3
5.Ng1xf3 Bc8g4
6.Bc1e3 Ng8f6
7.Bf1c4 e6
8.Qd1e2 Nb8d7
9.O-O Bf8d6
10.Qe2f2 O-O
11.Qf2h4 Bg4f5
12.Bc4b3 Qd8c7
13.Kh1 h6
14.Ra1d1 Nf6g4
15.Be3g1 Nd7f6
16.Qh4e1 Nf6d5
17.Nc3e4 Bd6f4
18.Rd1d3 a5
19.c3 a4
20.Bb3d1 Bf4e3
21.Rd3xe3 Nd5xe3
22.Bg1xe3 Bf5xe4
23.Be3g1 Be4d3
24.Bd1e2 Bd3xe2
25.Qe1xe2 a3
26.b4 Ng4f6
27.Nf3e5 Nf6d5
28.Rf1f3 f6
29.Ne5g6 Rf8e8
30.Bg1f2 e5
31.dxe5 fxe5
32.Bf2g3 Nd5f4
33.Bg3xf4 exf4
34.Qe2f2 Qc7d6
35.Ng6xf4 Qd6d1
36.Qf2g1 Re8e1
{ resign }
0-1

[Event "Match"]
[Site "www.echecsemail.com"]
[Date "2016.05.08"]
[Round "1"]
[White "Paco"]
[Black "Genius9"]
[WhiteElo "1880"]
[BlackElo "1770"]
[Result "1/2-1/2"]
[Round "1"]
1.e4 d6
2.d4 g6
3.Ng1f3 Bf8g7
4.Bc1e3 Ng8f6
5.Nb1c3 c6
6.Bf1c4 O-O
7.Qd1d2 b5
8.e5 Nf6g4
9.Bc4d3 Ng4xe3
10.Qd2xe3 b4
11.Nc3e4 dxe5
12.dxe5 { draw }
1/2-1/2

[Event "Match"]
[Site "www.echecsemail.com"]
[Date "2016.05.08"]
[Round "1"]
[White "Crush"]
[Black "Gambarulo"]
[WhiteElo "1660"]
[BlackElo "1519"]
[Result "0-1"]
[Round "1"]
1.e4 e6
2.d4 d5
3.Bf1d3 c5
4.dxc5 Bf8xc5
5.exd5 Qd8xd5
6.Ng1f3 Ng8e7
7.Nb1c3 Qd5d8
8.Bc1e3 Bc5xe3
9.fxe3 Nb8c6
10.O-O O-O
11.a3 Ne7g6
12.Bd3xg6 hxg6
13.Qd1e2 Qd8b6
14.b4 f6
15.Nc3b5 a6
16.Nb5d6 Nc6e7
17.Ra1d1 Ne7d5
18.Nd6c4 Qb6c7
19.Nf3d4 Nd5c3
20.Qe2d3 Nc3xd1
21.Rf1xd1 Rf8d8
 { time }
0-1